00953nam a2200241 a 4500001001000000003000900010005001700019007001000036008003400046040002200080082002100102100003200123245016200155260007400317300002900391500003100420504007500451650002100526650002500547700003300572700003400605710007200639000017403DO-SdBNP20220811125610.0000017403100324s2007 dr a 000 f spa d aBPMSUbspacBPMSU aH843 bR859g2221 aRoumain, Jacquesd1907-194410aGobernadores del rocío /cJacques Roumain ; prólogo Andrés L. Mateo ; prólogista caribeña, notas, cronología y bibliografía Michaelle Ascencio. aSanto Domingo :bSecretaría de Estado de Cultura,bFUNGLODE,c2007. a290 p. :bil., ;c23 cm. aBibliografía: p. 281-288 aIncluye referencias bibliográficas y nostas al pie de las páginas. 4aNovela haitiana  4aLiteratura haitiana 12aMateo, Andrés L.,dpról.1 aAscencio, Michaelle,dpról.2 aFundación Global Democracia y Desarrollo (República Dominicana)